NPB 2025年阪神タイガースの全選手 - Statistics

General Stats
  • This quiz has been taken 194 times
  • The average score is 43 of 80
Answer Stats
背番号 選手名 % Correct
2 梅野隆太郎
91%
12 坂本誠志郎
91%
0 木浪聖也
90%
3 大山悠輔
90%
5 近本光司
90%
8 佐藤輝明
89%
1 森下翔太
87%
13 岩崎優
85%
41 村上頌樹
84%
35 才木浩人
83%
00 ゲラ
82%
51 中野拓夢
82%
16 西勇輝
79%
15 西純矢
77%
58 前川右京
77%
38 小幡竜平
75%
69 石井大智
70%
14 岩貞祐太
68%
49 大竹耕太郎
68%
94 原口文仁
68%
4 熊谷敬宥
67%
33 糸原健斗
67%
20 デュプランティエ
66%
27 伊藤将司
65%
47 桐敷拓馬
65%
39 榮枝裕貴
65%
95 ヘルナンデス
65%
29 髙橋遥人
62%
53 島田海吏
59%
99 ビーズリー
58%
57 長坂拳弥
58%
25 渡邉諒
58%
62 植田海
58%
60 小野寺暖
58%
37 及川雅貴
57%
68 中川勇斗
56%
67 髙寺望夢
56%
32 井上広大
55%
18 伊原陵人
54%
19 下村海翔
54%
65 湯浅京己
54%
50 富田蓮
53%
98 佐藤蓮
51%
120 森木大智
50%
34 漆原大晟
48%
36 畠世周
44%
61 豊田寛
44%
30 門別啓人
43%
28 今朝丸裕喜
42%
52 山田脩也
42%
42 ネルソン
41%
64 岡留英貴
41%
46 島本浩也
40%
59 藤田健斗
40%
40 井坪陽生
40%
63 石黒佑弥
37%
132 マルティネス
37%
43 町田隼乙
36%
44 戸井零士
36%
97 野口恭佑
36%
126 福島圭音
35%
56 百﨑蒼生
34%
26 椎葉剛
33%
92 川原陸
33%
133 アルナエス
33%
55 楠本泰史
32%
48 茨木秀俊
31%
54 木下里都
31%
127 工藤泰成
31%
131 ベタンセス
31%
128 嶋村麟士朗
31%
125 伊藤稜
29%
121 鈴木勇斗
28%
122 小川一平
28%
45 佐野大陽
28%
134 コンスエグラ
27%
66 津田淳哉
25%
129 早川太貴
25%
123 松原快
19%
130 川﨑俊哲
15%
No matching quizzes found
Score Distribution
Percent of People with Each Score
Percentile by Number Answered
Your Score History
You have not taken this quiz